000 00388 a2200145 4500
245 _aMiguel Street
_hprint
020 _a0375713875
250 _a1st Vintage International ed.
100 _aV.S Naipaul
650 _aliterature
005 20191017173131.0
260 _anyu
_bVintage International
_c2002
084 _aPR9272.9.N32 M5 2002
300 _a222 p.
_b 21 cm.
_c222 p. ; 21 cm.
500 _aV.S. Naipaul.
999 _c9841
_d9841